Normal view
MARC view
- Brown, William N
Entry Personal Name
001 - CONTROL NUMBER
- control field: 86529
003 - CONTROL NUMBER IDENTIFIER
- control field: NUST
005 - DATE AND TIME OF LATEST TRANSACTION
- control field: 20211213161351.0
008 - FIXED-LENGTH DATA ELEMENTS
- fixed length control field: 211213|| aca||aabn | a|a d
040 ## - CATALOGING SOURCE
- Original cataloging agency: NUST
- Transcribing agency: NUST
100 ## - HEADING--PERSONAL NAME
- Personal name: Brown, William N
670 ## - SOURCE DATA FOUND
- Source citation: Work cat.: (NUST): Brown, William N, Off the wall : how we fell for China /, 2018
